Оптимизация математической модели поверхности трехмерного тела (Запис № 323667)

МАРК-запис
000 -Лідер
fixed length control field 00707nam a22002297a 4500
003 - Ідентифікатор контрольного номера
control field UA-OsUOA
001 - Контрольний номер
control field 37476
007 - Фіксоване поле фізичного опису
fixed length control field ta
008 - Елементи даних фіксованої довжини – загальна інформація
fixed length control field 20060327b un ||||| |||| 00| 0 ukr d
090 ## - Локальний шифр розміщення
Класифікаційний індекс УДК 330
Авторський знак (НП) Л11
040 ## - Джерело каталогізації
Агенція оригінальної каталогізації UA-OsUOA
Мова каталогізації rus
Агенція, яка здійснювала перезапис UA-OsUOA
Агенція, яка здійснювала модифікацію UA-OsUOA
041 ## - Код мови
Код мови тексту/ звукової доріжки чи окремого заголовка (П) rus
080 ## - Індекс Універсальної десяткової класифікації
Індекс Універсальної десяткової класифікації (УДК) (НП) 330
100 ## - Основне введення – ім’я особи
Ім’я особи (НП) Литвин О.Н.
245 ## - Відомості про назву
Назва (НП) Оптимизация математической модели поверхности трехмерного тела
300 ## - Фізичний опис
Обсяг С.103-112
650 #7 - Додаткове предметне введення – тематичний термін
Тематичний термін чи географічна назва, як елемент введення (НП) 330 Економіка взагалі
Джерело заголовка чи терміна UDC
700 ## - Додаткове введення – ім'я особи
Ім’я особи (НП) Пасечник В.А.
773 0# - Введення хост-одиниці (П)
Контрольний номер запису (П) 37475
Назва (НП) Кибернетика и системный анализ
Місце, видавець та дата видання (НП) М.
-- 2006
Інформація про взаємозв’язок (П) 1
942 ## - Додаткові елементи входу (Коха)
Тип елемента Koha Стаття періодики
955 ## - Код типу видання за змістом
Код типу видання за змістом (НП) інше

Немає доступних примірників.